00833nam a22002777a 450000500170000001000400001702000260005702000260008303500130010903500170012203500130013903500130015203700350016503700130020003700090021303700240022208200120024610000220025824500470028026000350032727000590036230000590042150000190048060000340049965000220053320210204105651.0 aBAC-EN21 ENG-111917 B-736826 a9780670083879c899.00 a9780143423416c599.00 aEN-95449 aB-588045-052 aB-664859 aB-736826 bMunshiram Manohar Lal/Venadpl bDBAD/PUB bMMP  bGift/Eng/03-02-2021 a301.153 aGuha, Ramachandra aGandhi before India /cby Ramachandra Guha aNew DelhibPenguin Booksc2013 a11 Community Centre, Pancsheel ParkbNew Delhie110017 ax,673p.,16 pages of unnumbered plates:c24cm(Hb)bmaps aIncludes index aGandhi, Mahatma, d1869-1948. aStatesmenzIndia